LEADER 00907nam a2200229 i 4500 001 000000237399 003 CaOOAMICUS 005 20141223000000.0 008 141223s1968 it u000 u ita u 013 $a216304 040 $aSeMil$bita 100 1 $aTrockij, Lev Davydovic.$0(OLS)http://semarc/name/12907 245 13$aLa rivoluzione tradita /$cL. D. Trotskij. 260 $aRoma :$bSamoną e Savelli,$ccopyr. 1968. 300 $a267 p. ;$c19 cm. 490 0 $aCultura politica ;$v26 650 4$aComunismo - Unione Sovietica - 1917-1936.$0(OLS)http://semarc/subject/38421 830 0$aCultura politica ;$v26.$0(OLS)http://semarc/title/18270 850 $aSeMil 852 $aSeMil$W1$xVenegono$y1$m3N I 256$j187745$B187745$CSeMilBibl$Z2$F198654 $81 996 $6245$aLa rivoluzione tradita$9(OLS)http://semarc/title/338412 996 $6260$aRoma :$bSamoną e Savelli$9(OLS)http://semarc/publisher/31756 LEADER 00578nam a2200169 i 4500 001 000000206617 003 CaOOAMICUS 005 20111010000000.0 008 111010s1938 it u000 u ita u 013 $a185389 040 $aSeMil$bita 245 10$aVolume 2., Parte 2. 300 $aXI, 572 p. 773 0 $aVivanti, Giulio$tEnciclopedia delle matematiche elementari.$dMilano : Hoepli, 1930-1938.$g2$w()25534 850 $aSeMil 852 $aSeMil$W1$xVenegono$y1$m3W V 316$j157085$B157085$CSeMilBibl$Z2$F168404 $81 996 $6245$aVolume 2., Parte 2$9(OLS)http://semarc/title/298828